| 000 | 01168nas a2200385 4500 | ||
|---|---|---|---|
| 001 | BR0804479 | ||
| 003 | BR-BrBNA | ||
| 005 | 20231205112347.0 | ||
| 007 | ta | ||
| 008 | 230509b bl.|||p| |||| 00| 00por d | ||
| 040 |
_aBR-BrBNA _bpor _cBiblioteca Nacional de Agricultura |
||
| 041 | _a(Pt) | ||
| 072 | _aL02 | ||
| 100 | 1 | _aOrlando, U.A.D. | |
| 100 | 1 | _aOliveira, R.F.M. de | |
| 100 | 1 | _aDonzele, J.L. | |
| 100 | 1 | _aSilva, F.C. de O. | |
| 100 | 1 | _aGeneroso, R.A.R. | |
| 100 | 1 | _aSiqueira, J.C. de | |
| 245 | 1 | _aNíveis de proteína bruta e suplementação de aminoácidos em rações para leitoas dos 30 aos 60 kg mantidas em ambiente de alta temperatura | |
| 650 | _aLEITÃO | ||
| 650 | _aRAÇA | ||
| 650 | _aAMINOÁCIDO | ||
| 650 | _aPROTEÍNA BRUTA | ||
| 650 | _aSUPLEMENTO ALIMENTAR | ||
| 650 | _aRAÇÃO | ||
| 650 | _aCALOR | ||
| 650 | _aSTRESS | ||
| 650 | _aCOMPOSIÇÃO DE ALIMENTO | ||
| 650 | _aCARCAÇA | ||
| 650 | _aPESO | ||
| 773 | 0 |
_tRevista Brasileira de Zootecnia (Brazil) _xISSN 1516-3598 _g(Sep-Oct 2007), v. 36(5)suplemento p. 1573-1578 _wBR0804479 |
|
| 909 |
_a202311 _bLúcia _c55 _dLúcia Elande |
||
| 942 |
_2AGRIS _n0 _cANA |
||
| 999 |
_c197626 _d197626 |
||